000 00713nam a22001815i 4500
001 165597
003 ES-MaACL
005 20230906213154.0
008 940301s1854 sp |||| | spa d
040 _aAS
_bspa
100 1 _aSotorra y Figueras, Juan.
_9132846
245 1 3 _aEl catecismo del Santo Evangelio de Jesucristo explicado, precedido de nociones fundamentales de religión, para la enseñanza e instruccion de la juventud de ambos sexos ... /
_cpor Juan Sotorra.
260 _aMadrid :
_b[s.n.],
_c1854 (
_fImprenta de la Viuda de Yenes)
300 _a358 p. ;
_c16 cm.
597 _aTexto a dos tintas.
630 0 _aBiblia.
_pN.T.
_pEvangelios.
_9119301
852 _aES-MaACL
_jD-473
_z-- Enc. hol.
999 _c165597
_d165597